| 000 | 01506nac a22003251u 4500 | ||
|---|---|---|---|
| 010 | _a 2006014485 | ||
| 020 | _a9780521871525 (hardback) | ||
| 020 | _a0521871522 (hardback) | ||
| 020 | _a9780521692083 (pbk.) | ||
| 020 | _a0521692083 (pbk.) | ||
| 082 | 0 | 0 |
_a330 _bB6282 |
| 090 |
_c2315 _d2315 |
||
| 100 | _a20080729 | ||
| 245 | 0 | 0 |
_aAdvances in economics and econometrics : _btheory and applications, ninth World Congress / _cedited by Richard Blundell, Whitney K. Newey, Torsten Persson. |
| 260 |
_aCambridge ; _aNew York : _bCambridge University Press,2006 _c2006 |
||
| 300 |
_a1v. : _bill. ; _c24 cm. |
||
| 440 | 0 |
_aEconometric Society monographs ; _vno. 41 |
|
| 500 | _aEdited versions of papers and a commentary presented at invited symposium sessions of the ninth World Congress of the Econometric Society, held in London in 2005. | ||
| 504 | _aIncludes bibliographical references and index. | ||
| 650 | 0 |
_aEconometrics _vCongresses. |
|
| 650 | 0 |
_aEconomics _vCongresses. |
|
| 700 | 1 | _aBlundell, Richard. | |
| 700 | 1 | _aNewey, Whitney K. | |
| 700 | 1 | _aPersson, Torsten. | |
| 710 | 2 |
_aEconometric Society. _bWorld Congress |
|
| 856 | 4 | 1 |
_3Table of contents only _uhttp://www.loc.gov/catdir/toc/ecip0613/2006014485.html |
| 856 | 4 | 1 |
_3Publisher description _uhttp://www.loc.gov/catdir/enhancements/fy0665/2006014485-d.html |
| 942 |
_cBB _k330B6282 |
||
| 999 |
_c2315 _d2315 |
||